Кооперацията и мирът на Балканите (Запис номер 363658)
[ съкратено ]
| 000 -Лидер | |
|---|---|
| Контролно поле с фиксирана дължина | nam a22 c 4500 |
| 003 - Код на организацията, давaща контролен номер | |
| Контролно поле | BLK |
| 005 - Дата и час на последна редакция | |
| Контролно поле | 20200521223131.0 |
| 008 - Елементи от данни с фиксирана дължина | |
| fixed length control field | 200315b bul|||||r ||||||| ||bul|| |
| 010 ## - Наследен системен номер | |
| LC control number | KNG00122106RET |
| 040 ## - Източник на каталожния запис | |
| Идентификатор на билиотеката - собственик на записа | BLK |
| 041 ## - Код за език | |
| Код за езика на текст/звукозапис или на отделно заглавие | Български |
| Код за езика КДБФ | Български |
| 080 ## - УДК | |
| Текстов определител УДК | Кооперативно дело. Кооперативно движение в България |
| УДК код - определител по УДК | 334 |
| УДК определител | (497) |
| УДК - код + определител | 334(497) |
| 080 ## - УДК | |
| Текстов определител УДК | Движения за мир между народите |
| УДК код - определител по УДК | 327.36 |
| УДК - код + определител | 327.36 |
| 139 ## - Редно поле | |
| Редна дума | Кооперацията и мирът на Балканите |
| Авторски знак | К - К 11 |
| 245 10 - Сведения за заглавието | |
| Заглавие | Кооперацията и мирът на Балканите |
| Подзаглавни данни | [Сб. материали от] Първа среща на ръководителите на кооп. орг. от балк. страни, състояла се в София от 25 до 27 септ. 1984 г. |
| Редно поле (дума) | Състав. Кирил Бояджиев |
| 257 ## - Страна на издаване | |
| Страна на създаване/издаване | България |
| 260 ## - Област на издателските данни | |
| Място на издаване, разпространение и проч. | София |
| Име на издателя, разпространителя и проч. | София-прес |
| Година на издаване | 1985 |
| 300 ## - Физическа характеристика | |
| Страници | 90 с. |
| Илюстрации и др. | с портр. |
| Размери/Мащаб | 19 см |
| 380 ## - Жанр | |
| Жанр | Обществени науки |
| 500 ## - Общи забележки | |
| Забележка | 582 тир. |
| 650 #0 - Допълнително описание по предмет – тема | |
| 9 (RLIN) | 287785 |
| Основно описание – тема или топоним | Кооперативно движение - България |
| 653 #7 - Ключова дума – ненормативна | |
| Ключова дума | кооперации |
| 9 (RLIN) | 189150 |
| 653 #7 - Ключова дума – ненормативна | |
| Ключова дума | мир |
| 9 (RLIN) | 191110 |
| 852 ## - Местоположение | |
| Форматна сигнатура | Цб 137799 |
| Фондова буква | Хранилище |
| 999 ## - СИСТЕМНИ КОНТРОЛНИ НОМЕРА | |
| Koha biblionumber | 363658 |
| Koha biblioitemnumber | 363658 |
| 942 ## - АРТИКУЛИ | |
| Вид на библиотечния материал | Книги |
| Скрит в OPAC | Не |
| Периодичен библиозапис | Да |
| 944 ## - СЪЗДАВАНЕ И РЕДАКЦИЯ на ЗАПИСА | |
| Създаване/Редакция | Създаване |
| Дата на регистрацията/редакция | 2020-05-21 |
| Служител, извършил регистрацията/редакцията | С.Т. |
| Код за отписване | Код за изгубен артикул | Източник на класификационната схема | Код за повреда | Коз за рестрикции | Код за отдаване | Артикулен № | Име на библиотеката - собственик | Име на библиотеката, в която се намира в момента | Статус (Текущо местоположение) | Дата на вписване в системата | Местоположение - отдел | Цена в лева | Инвентарен номер | Систематично азбучна сигнатура | Баркод | Цена в евро | Служебен тип на артикула |
|---|---|---|---|---|---|---|---|---|---|---|---|---|---|---|---|---|---|
| Не е изгубен | Universal Decimal Classification | Не е повреден | само за читалня | ползва се в читалня | 771398 | Регионална библиотека "Любен Каравелов" Русе | Регионална библиотека "Любен Каравелов" Русе | Хранилище | 2020-05-22 | Хранилище | 0.00 | 437650 | Цб 137799 | 900000010800 | 0.00 | Книги |